On.point, Americas research (Record no. 110535)

MARC details
000 -LEADER
fixed length control field 00989cad a22002295a 4500
001 - CONTROL NUMBER
control field E149548
008 - FIXED-LENGTH DATA ELEMENTS--GENERAL INFORMATION
fixed length control field 100318s2010 xxu f 000 0 eng d
035 ## - SYSTEM CONTROL NUMBER
System control number (Sirsi) u149548
041 0# - LANGUAGE CODE
Language code of text/sound track or separate title eng
050 04 - LIBRARY OF CONGRESS CALL NUMBER
Classification number 333.33 $2 18
110 2# - MAIN ENTRY--CORPORATE NAME
Corporate name or jurisdiction name as entry element Jones Lang LaSalle
9 (RLIN) 3755
245 00 - TITLE STATEMENT
Title On.point, Americas research
Remainder of title North America occupier report Q4 2009
Medium [electronic resource]
260 ## - PUBLICATION, DISTRIBUTION, ETC.
Place of publication, distribution, etc. [S.l.]
Name of publisher, distributor, etc. Jones Lang Lasalle
Date of publication, distribution, etc. 2010
490 #0 - SERIES STATEMENT
Series statement On.Point
-- Americas Research
Volume/sequential designation Fourth Quarter 2009
520 ## - SUMMARY, ETC.
Summary, etc. Suggests that although the office market will continue to be affected by the recession in 2010, although leasing activity will increase.
521 ## - TARGET AUDIENCE NOTE
Target audience note Advanced
590 ## - LOCAL NOTE (RLIN)
Local note KA
651 #4 - SUBJECT ADDED ENTRY--GEOGRAPHIC NAME
Geographic name United States
Chronological subdivision 1959-
690 ## - LOCAL SUBJECT ADDED ENTRY--TOPICAL TERM (OCLC, RLIN)
Topical term or geographic name as entry element PROPERTY-COMMERCIAL PROPERTY-COMMERCIAL PROPERTY MARKET
856 40 - ELECTRONIC LOCATION AND ACCESS
Uniform Resource Identifier <a href="https://www.us.am.joneslanglasalle.com/ResearchLevel1/North-America-Occupier-Report-Q4-2009-JLL.pdf">https://www.us.am.joneslanglasalle.com/ResearchLevel1/North-America-Occupier-Report-Q4-2009-JLL.pdf</a>
Public note View the report free of charge (pdf file) at www.us.am.joneslanglasalle.com
942 ## - ADDED ENTRY ELEMENTS (KOHA)
Suppress in OPAC 0
Holdings
Withdrawn status Lost status Source of classification or shelving scheme Damaged status Not for loan Home library Current library Shelving location Date acquired Total Checkouts Full call number Barcode Date last seen Copy number Price effective from Koha item type
    Dewey Decimal Classification     Virtual Virtual Online 18/03/2010   ONLINE PUBLICATION 149548-2001 06/08/2019 1 06/08/2019 Book